| 000 | 00590nam a22001697a 4500 | ||
|---|---|---|---|
| 003 | OSt | ||
| 005 | 20250820084922.0 | ||
| 008 | 250820b |||||||| |||| 00| 0 eng d | ||
| 020 | _a978-971-814-315-5 | ||
| 040 |
_aDWC-Main Lib _cOC |
||
| 082 | _aFil. 808.8 T971 2022 | ||
| 245 |
_a21st century Philippine literature reader : _bprose narratives/ |
||
| 260 |
_aIntramuros, Manila, Philippines : _bNational Commission for Culture and Arts , _cc2022. |
||
| 300 |
_avol.1, vii, 407 pages : _billustrations ; _c22cm. |
||
| 650 | _a1. Literature ---Philippines. | ||
| 942 |
_2ddc _cBK - FIL _kFil. _n0 |
||
| 999 |
_c4124 _d4124 |
||